Normal view MARC view
  • Guha,I,etal.

Entry Personal Name

Number of records used in: 3

001 - CONTROL NUMBER

  • control field: 4814

003 - CONTROL NUMBER IDENTIFIER

  • control field: OSt

005 - DATE AND TIME OF LATEST TRANSACTION

  • control field: 20180116093551.0

008 - FIXED-LENGTH DATA ELEMENTS

  • fixed length control field: 180116|| aca||aabn | a|a d

040 ## - CATALOGING SOURCE

  • Original cataloging agency: OSt
  • Transcribing agency: OSt

100 ## - HEADING--PERSONAL NAME

  • Personal name: Guha,I,etal.

670 ## - SOURCE DATA FOUND

  • Source citation: Work cat.: (OSt): Guha,I,etal., The Grammar Tree, 2004

Powered by Koha